A strategy for increasing the numbers of members returning tithe in Kariobangi Seventh-day Adventist Church, Central Kenya Conference / (Record no. 14130)

MARC details
000 -LEADER
fixed length control field 00666nam a22001697a 4500
003 - CONTROL NUMBER IDENTIFIER
control field AUA.1
005 - DATE AND TIME OF LATEST TRANSACTION
control field 20191018114544.0
008 - FIXED-LENGTH DATA ELEMENTS--GENERAL INFORMATION
fixed length control field 150707t xxu||||| |||| 00| 0 eng d
040 ## - CATALOGING SOURCE
Transcribing agency JTL
050 ## - LIBRARY OF CONGRESS CALL NUMBER
Classification number MA Lead
Item number .N93 2015
100 ## - MAIN ENTRY--PERSONAL NAME
Personal name Nyandieka Stanley Machuma
9 (RLIN) 50153
245 ## - TITLE STATEMENT
Title A strategy for increasing the numbers of members returning tithe in Kariobangi Seventh-day Adventist Church, Central Kenya Conference /
Statement of responsibility, etc Stanley Machuma Nyandieka.
300 ## - PHYSICAL DESCRIPTION
Extent vii, 88 leaves :
Dimensions 29 cm.
650 ## - SUBJECT ADDED ENTRY--TOPICAL TERM
Topical term or geographic name as entry element Stewardship
General subdivision Strategies
9 (RLIN) 50154
651 ## - SUBJECT ADDED ENTRY--GEOGRAPHIC NAME
Geographic name Kenya
General subdivision Kariobangi SDA, Central Kenya Conference
9 (RLIN) 50155
942 ## - ADDED ENTRY ELEMENTS (KOHA)
Source of classification or shelving scheme AUA Inhouse Classification
Koha item type Project
Classification part MA Lead
Item part .N93 2015
Holdings
Withdrawn status Lost status Source of classification or shelving scheme Damaged status Not for loan Collection code Home library Current library Shelving location Date acquired Source of acquisition Cost, normal purchase price Serial Enumeration / chronology Full call number Barcode Date last seen Cost, replacement price Price effective from Koha item type Total Checkouts Date checked out Copy number
    AUA Inhouse Classification     JTL Research Collection Judith Thomas Library Judith Thomas Library Judith Thomas Library Research Section 07/07/2015 AUA RESEARCH DEPARTMENT 15.00 AUA017160 MA Lead .N93 2015 AUA017160 07/07/2015 15.00 07/07/2015 Project      
    AUA Inhouse Classification     JTL Research Collection Judith Thomas Library Judith Thomas Library Judith Thomas Library Research Section 07/07/2015 AUA RESEARCH DEPARTMENT 15.00 AUA017161 MA Lead .N93 2015 AUA017161 05/04/2016 15.00 07/07/2015 Project 1 01/04/2016 2